[Event "4NCL 2021-22"]
[Site "England"]
[Date "2022.03.26"]
[Round "5.48"]
[White "Crowley, James"]
[Black "Shaw, Peter"]
[Result "0-1"]
[WhiteElo "1475"]
[BlackElo "2094"]
[Annotator "NA"]
[PlyCount "78"]
[EventDate "2021.11.27"]
[EventType "team-tourn"]
[EventCountry "ENG"]
[SourceTitle "playchess.com"]
[Source "ChessBase"]
[SourceQuality "1"]
[TimeControl "40/6000+30:3000+30"]

1. e4 {[%emt 0:02:38]} d6 {[%emt 0:00:21]} 2. d4 {[%emt 0:00:10]} Nf6 {[%emt 0:00:04]} 3. Nc3 {[%emt 0:00:07]} c6 {[%emt 0:00:04]} 4. Nf3 {[%emt 0:01:54]} Bg4 {[%emt 0:00:11]} 5. Be3 {[%emt 0:07:10]} e6 {[%emt 0:00:28]} 6. Be2 {[%emt 0:03:25]} Be7 {[%emt 0:02:47]} 7. a4 {[%emt 0:06:24]} O-O {[%emt 0:01:14]} 8. O-O {[%emt 0:01:03]} d5 {[%emt 0:00:49]} 9. e5 {[%emt 0:08:58]} Nfd7 {[%emt 0:00:15]} 10. Qd2 {[%emt 0:04:46]} c5 {[%emt 0:01:14]} 11. Rfe1 {[%emt 0:12:49]} Nc6 {[%emt 0:01:42]} 12. Nd1 {[%emt 0:02:56]} cxd4 {[%emt 0:10:47]} 13. Bxd4 {[%emt 0:00:10]} Qc7 {[%emt 0:01:50]} 14. Qe3 {[%emt 0:07:13]} Bxf3 {[%emt 0:01:52]} 15. Bxf3 {[%emt 0:00:07]} Nxd4 {[%emt 0:00:32]} 16. Qxd4 {[%emt 0:00:03]} Qxc2 {[%emt 0:00:41]} 17. Re2 {[%emt 0:04:04]} Qc5 {[%emt 0:05:37]} 18. Qd3 {[%emt 0:02:42]} Rfc8 {[%emt 0:01:43]} 19. Nc3 {[%emt 0:02:06]} Qc4 {[%emt 0:03:13]} 20. Rd1 {[%emt 0:04:39]} Qxd3 {[%emt 0:01:48]} 21. Rxd3 {[%emt 0:00:05]} Bb4 {[%emt 0:02:55]} 22. Ree3 {[%emt 0:01:32]} Bxc3 {[%emt 0:06:26]} 23. bxc3 {[%emt 0:00:43]} Rc4 {[%emt 0:00:53]} 24. Bd1 {[%emt 0:00:18]} Rac8 {[%emt 0:02:21]} 25. f3 {[%emt 0:05:30]} a5 {[%emt 0:11:02]} 26. Kf2 {[%emt 0:00:52]} Kf8 {[%emt 0:08:06]} 27. Ke2 {[%emt 0:03:05]} Ke7 {[%emt 0:01:27]} 28. Kd2 {[%emt 0:00:49]} Nb6 {[%emt 0:05:22]} 29. Bb3 {[%emt 0:00:36]} Rh4 {[%emt 0:01:03]} 30. h3 {[%emt 0:00:38]} Nc4+ {[%emt 0:01:04]} 31. Bxc4 {[%emt 0:00:15]} Rhxc4 {[%emt 0:01:51]} 32. Rd4 {[%emt 0:02:59]} Rxd4+ {[%emt 0:00:11]} 33. cxd4 {[%emt 0:00:02]} Rc4 {[%emt 0:00:09]} 34. Rb3 {[%emt 0:02:50]} Rxd4+ {[%emt 0:00:21]} 35. Kc3 {[%emt 0:00:04]} Rc4+ {[%emt 0:00:23]} 36. Kd3 {[%emt 0:00:06]} Rb4 {[%emt 0:03:54]} 37. Rxb4 {[%emt 0:00:10]} axb4 {[%emt 0:00:07]} 38. Kc2 {[%emt 0:00:06]} d4 {[%emt 0:00:33]} 39. Kd3 {[%emt 0:00:25]} b3 {[%emt 0:00:09]} 0-1

[Event "4NCL 2021-22"]
[Site "England"]
[Date "2022.03.26"]
[Round "5.49"]
[White "Zakarian, David"]
[Black "Jones, Steven A"]
[Result "0-1"]
[WhiteElo "2316"]
[BlackElo "2215"]
[Annotator "ChessBase"]
[PlyCount "80"]
[EventDate "2021.11.27"]
[EventType "team-tourn"]
[EventCountry "ENG"]
[SourceTitle "playchess.com"]
[Source "ChessBase"]
[SourceQuality "1"]
[TimeControl "40/6000+30:3000+30"]

1. e4 {[%emt 0:00:03]} e5 {[%emt 0:00:40]} 2. Nf3 {[%emt 0:00:18]} Nc6 {[%emt 0:00:40]} 3. d4 {[%emt 0:03:32]} exd4 {[%emt 0:00:07]} 4. Nxd4 {[%emt 0:00:04]} Nf6 {[%emt 0:01:57]} 5. Nc3 {[%emt 0:04:10]} Bc5 {[%emt 0:07:23]} 6. Nxc6 {[%emt 0:02:20]} bxc6 {[%emt 0:03:26]} 7. Bd3 {[%emt 0:00:25]} d6 {[%emt 0:02:43]} 8. h3 {[%emt 0:00:55]} O-O {[%emt 0:04:48]} 9. O-O {[%emt 0:03:58]} Re8 {[%emt 0:04:55]} 10. Na4 {[%emt 0:04:10]} Bb6 {[%emt 0:02:18]} 11. Nxb6 {[%emt 0:01:18]} axb6 {[%emt 0:00:15]} 12. Re1 {[%emt 0:01:39]} c5 {[%emt 0:07:56]} 13. Bg5 {[%emt 0:03:59]} h6 {[%emt 0:13:36]} 14. Bh4 {[%emt 0:01:48]} Bb7 {[%emt 0:01:17]} 15. f3 {[%emt 0:12:28]} g5 {[%emt 0:10:50]} 16. Bf2 {[%emt 0:00:10]} Nh5 {[%emt 0:00:47]} 17. g3 {[%emt 0:01:47]} Qf6 {[%emt 0:02:33]} 18. c3 {[%emt 0:05:05]} d5 {[%emt 0:09:31]} 19. Bb5 {[%emt 0:05:43]} Re5 {[%emt 0:12:56]} 20. Re3 {[%emt 0:15:41]} dxe4 {[%emt 0:03:01]} 21. fxe4 {[%emt 0:02:50]} Qg6 {[%emt 0:00:10]} 22. Qd7 {[%emt 0:06:14]} Rc8 {[%emt 0:00:57]} 23. Bd3 {[%emt 0:11:43]} Nf6 {[%emt 0:00:54]} 24. Qa4 {[%emt 0:00:05]} Ra8 {[%emt 0:02:15]} 25. Qb3 {[%emt 0:02:28]} Rae8 {[%emt 0:01:22]} 26. Rae1 {[%emt 0:00:58]} Bxe4 {[%emt 0:01:49]} 27. g4 {[%emt 0:03:04]} h5 {[%emt 0:06:02]} 28. Bg3 {[%emt 0:06:17]} c4 {[%emt 0:00:07]} 29. Bxc4 {[%emt 0:01:04]} R5e7 {[%emt 0:01:13]} 30. Bb5 {[%emt 0:06:47]} Bd5 {[%emt 0:02:23]} 31. Rxe7 {[%emt 0:00:12]} Rxe7 {[%emt 0:00:05]} 32. c4 {[%emt 0:02:54]} Rxe1+ {[%emt 0:00:41]} 33. Bxe1 {[%emt 0:00:01]} Qe4 {[%emt 0:00:33]} 34. cxd5 {[%emt 0:00:09]} Qxe1+ {[%emt 0:00:03]} 35. Bf1 {[%emt 0:02:09]} hxg4 {[%emt 0:00:35]} 36. d6 {[%emt 0:00:21]} Ne4 {[%emt 0:02:11]} 37. Qc2 {[%emt 0:00:52]} Nd2 {[%emt 0:03:44]} 38. Qf5 {[%emt 0:00:40]} Qe3+ {[%emt 0:00:42]} 39. Kh1 {[%emt 0:00:46]} cxd6 {[%emt 0:00:56]} 40. Bg2 {[%emt 0:00:46]} Qe1+ {[%emt 0:00:12]} 0-1

[Event "4NCL 2021-22"]
[Site "England"]
[Date "2022.03.26"]
[Round "5.50"]
[White "Cooper, John G"]
[Black "Powierski, Emil"]
[Result "1-0"]
[WhiteElo "2234"]
[BlackElo "2318"]
[Annotator "TA"]
[PlyCount "165"]
[EventDate "2021.11.27"]
[EventType "team-tourn"]
[EventCountry "ENG"]
[SourceTitle "playchess.com"]
[Source "ChessBase"]
[SourceQuality "1"]

{[%evp 18,165,8,7,27,20,25,20,25,-11,0,-27,-41,-30,0,0,0,0,0,0,0,0,14,17,27,32,41,20,93,94,81,77,84,83,85,70,111,28,27,8,16,16,8,13,72,1,0,1,2,0,0,-2,-4,-55,-57,-59,-46,-41,-48,-26,-20,-21,-51,-18,0,0,250,247,245,231,239,153,288,277,346,319,318,319,285,210,539,539,531,587,577,568,825,823,775,764,716,705,698,690,670,618,605,584,529,568,856,833,786,721,1052,969,1157,1098,4134,3166,29985,29971,29966,29963,12850,29937,29989,29990,29991,29990,29990,29991,29994,29980,29979,29981,29981,29982,29982,29983,29983,29984,29984,29985,29985,29986,29986,29987,29992,29993,29993,29994,29995,29996,29996,29992,29992,29993,29997,29998]} 1. Nf3 c5 2. c4 Nf6 3. Nc3 Nc6 4. g3 g6 5. Bg2 Bg7 6. d4 cxd4 7. Nxd4 O-O 8. O-O Qb6 {Recently 8...Qa5 got a lot of attention.} 9. Nb3 d6 10. Bg5 Be6 {A39: Symmetrical English vs ...g6: 4 Bg2 Bg7 5 Nf3 Nf6 6 0-0 0-0 7 d4.} 11. Nd5 Bxd5 12. cxd5 Ne5 {The position is equal.} 13. Qd4 Qa6 {[#]} 14. Qd2 $146 ({Predecessor:} 14. e4 Rac8 15. Qb4 b6 16. a4 Rc4 17. Qb5 Qxb5 18. axb5 Rb4 19. Nd2 Rxb5 20. Rxa7 {1-0 (27) Stadler,A (2088)-Eiter,M (1946) Neumarkt am Wallersee 2013}) 14... Nc4 15. Qd3 h6 16. Bc1 Nd7 {[%cal Bf6d7,Bd7c5,Bc5a4][%mdl 32]} 17. Nd4 Nc5 18. Qd1 Na4 19. Rb1 Rac8 {[%cal Oc4a3]} 20. e3 Nab6 21. a3 Ne5 {Prevents Qd3.} 22. Bd2 Qa4 (22... Qd3 $11) 23. b3 $1 $16 Qxa3 24. Ra1 Qc5 25. Rxa7 Rb8 {[%cal Ob6c4]} 26. Ra2 Rfc8 (26... Ra8 $14 27. Rc2 Qa3) 27. Qe2 ({White should play} 27. Ra5 $16 Qc7 28. Bh3) 27... Ra8 $1 $11 28. Rc2 Qa3 29. Rxc8+ Rxc8 30. Qb5 Qc5 {[#]} (30... Ned7 $11 {keeps the balance.}) 31. Qxc5 (31. Rc1 $1 $16 {[%cal Rc1c5]} Qxb5 32. Rxc8+ (32. Nxb5 Rxc1+ 33. Bxc1 Nd3 $11) 32... Nxc8 33. Nxb5) 31... Rxc5 32. Ra1 Ned7 33. Ra7 Rc7 34. Nb5 Rc2 35. Be1 (35. Ba5 $1 $11 Rc1+ 36. Bf1 Nxd5 37. e4) 35... Rc1 $15 36. Kf1 Nc5 {Hoping for ...Nd3.} 37. Ke2 {To avoid Nd3} Rc2+ 38. Kd1 Rb2 39. b4 Nd3 {[%csl LRb4,LRf2]} 40. Rxb7 Nc4 {Pair of Knights!} 41. Bf1 $36 {[%mdl 2048] Black is under pressure.} Nce5 {White stays focused until the end.} ({Don't play} 41... Rb1+ 42. Kc2 Rb2+ 43. Kxd3 $18) (41... Nxe1 $11 {and Black has nothing to worry.} 42. Kxe1 (42. Bxc4 Nf3 $11) 42... Rb1+ 43. Ke2 Ne5) 42. Bxd3 $18 Nxd3 43. Rxe7 Bf8 44. Rc7 Ra2 (44... Nxb4 $16 45. Bxb4 Rxb4) 45. Ra7 Nxf2+ 46. Bxf2 Rxf2 {[%mdl 4096] Endgame KRB-KRN} 47. Nd4 Rb2 48. Nc6 Rxh2 $2 (48... Bg7 49. Ra8+ Kh7) 49. Ra8 h5 50. b5 {[%cal Bb4b5,Bb5b6][%mdl 32] Strongly threatening Kc1.} Rb2 {[#]} 51. Rb8 $1 g5 52. Kc1 Ra2 53. b6 {Black must now prevent b7.} Ra6 54. b7 {[%cal Ob8f8] Rxf8+! would kill now.} Rb6 55. Ne7+ Kg7 56. Nf5+ Kf6 57. Rxf8 Rxb7 {KRN-KR} 58. e4 Rb3 59. Kd2 Rb2+ 60. Kd3 Ra2 61. Re8 Ra3+ 62. Kc4 Rf3 63. Nxd6 Rxg3 64. e5+ Kg6 65. Rg8+ Kh7 {[#]} 66. Rg7+ $3 {[%mdl 512]} Kh8 {White mates.} (66... Kxg7 67. Nf5+) 67. Rxf7 h4 68. Ne4 Rg4 69. Kd3 h3 70. Rh7+ Kxh7 {KR-KN} 71. Nf6+ Kg6 72. Nxg4 {KN-KPP} Kf5 {[#]} 73. e6 $1 Kxg4 {KPP-KPP} 74. e7 h2 75. e8=Q h1=Q 76. Qe4+ Qxe4+ 77. Kxe4 {KP-KP} Kh3 78. d6 g4 79. d7 g3 80. d8=Q g2 81. Kf3 {[%cal Rd8h8]} g1=N+ 82. Kf2 Kh2 83. Qd6+ {Weighted Error Value: White=0.14 (very precise) /Black=0.34} 1-0

[Event "4NCL 2021-22"]
[Site "England"]
[Date "2022.03.26"]
[Round "5.51"]
[White "Pozimski, Szymon"]
[Black "Blackburn, Jonathan L B"]
[Result "1/2-1/2"]
[WhiteElo "2001"]
[BlackElo "2227"]
[Annotator "ChessBase"]
[PlyCount "66"]
[EventDate "2021.11.27"]
[EventType "team-tourn"]
[EventCountry "ENG"]
[SourceTitle "playchess.com"]
[Source "ChessBase"]
[SourceQuality "1"]
[TimeControl "40/6000+30:3000+30"]

1. Nf3 {[%emt 0:01:08]} Nf6 {[%emt 0:00:19]} 2. c4 {[%emt 0:00:09]} g6 {[%emt 0:00:34]} 3. Nc3 {[%emt 0:00:07]} Bg7 {[%emt 0:00:12]} 4. e4 {[%emt 0:00:09]} d6 {[%emt 0:00:08]} 5. d4 {[%emt 0:00:06]} O-O {[%emt 0:00:30]} 6. Be2 {[%emt 0:00:04]} Nbd7 {[%emt 0:00:51]} 7. h3 {[%emt 0:05:52]} e5 {[%emt 0:02:15]} 8. dxe5 {[%emt 0:05:11]} dxe5 {[%emt 0:01:09]} 9. Be3 {[%emt 0:01:07]} c6 {[%emt 0:07:20]} 10. b4 {[%emt 0:05:18]} Qe7 {[%emt 0:16:41]} 11. Rb1 {[%emt 0:06:32]} Rd8 {[%emt 0:13:47]} 12. Nd2 {[%emt 0:15:22]} Nf8 {[%emt 0:02:57]} 13. Bc5 {[%emt 0:02:24]} Qc7 {[%emt 0:06:54]} 14. Bxf8 {[%emt 0:04:39]} Bxf8 {[%emt 0:01:08]} 15. Qc2 {[%emt 0:04:34]} a5 {[%emt 0:05:45]} 16. a3 {[%emt 0:00:54]} Ne8 {[%emt 0:10:06]} 17. c5 {[%emt 0:21:32]} axb4 {[%emt 0:02:32]} 18. axb4 {[%emt 0:03:07]} b6 {[%emt 0:04:19]} 19. cxb6 {[%emt 0:07:29]} Qxb6 {[%emt 0:00:05]} 20. b5 {[%emt 0:00:29]} Be6 {[%emt 0:05:30]} 21. O-O {[%emt 0:07:34]} cxb5 {[%emt 0:08:24]} 22. Rxb5 {[%emt 0:09:14]} Qc7 {[%emt 0:00:30]} 23. Ndb1 {[%emt 0:01:26]} Ra2 {[%emt 0:07:29]} 24. Rb2 {[%emt 0:01:29]} Rxb2 {[%emt 0:00:05]} 25. Qxb2 {[%emt 0:00:03]} Bc5 {[%emt 0:00:33]} 26. Nb5 {[%emt 0:02:31]} Qb8 {[%emt 0:00:34]} 27. Qc2 {[%emt 0:01:07]} Rc8 {[%emt 0:01:01]} 28. Qd3 {[%emt 0:01:07]} Bb6 {[%emt 0:05:25]} 29. N1c3 {[%emt 0:00:44]} Bc4 {[%emt 0:02:26]} 30. Qf3 {[%emt 0:00:56]} Bxb5 {[%emt 0:02:23]} 31. Nxb5 {[%emt 0:00:23]} Nd6 {[%emt 0:00:46]} 32. Nxd6 {[%emt 0:00:06]} Qxd6 {[%emt 0:00:03]} 33. Bd1 {[%emt 0:01:33]} Kg7 {[%emt 0:02:01]} 1/2-1/2

[Event "4NCL 2021-22"]
[Site "England"]
[Date "2022.03.26"]
[Round "5.52"]
[White "Redmond, John P."]
[Black "Dickinson, Tim"]
[Result "1-0"]
[WhiteElo "2210"]
[BlackElo "2047"]
[Annotator "ChessBase"]
[PlyCount "79"]
[EventDate "2021.11.27"]
[EventType "team-tourn"]
[EventCountry "ENG"]
[SourceTitle "playchess.com"]
[Source "ChessBase"]
[SourceQuality "1"]
[TimeControl "40/6000+30:3000+30"]

1. d4 {[%emt 0:00:07]} e6 {[%emt 0:00:40]} 2. c4 {[%emt 0:00:56]} Bb4+ {[%emt 0:00:16]} 3. Nd2 {[%emt 0:00:15]} d5 {[%emt 0:05:09]} 4. Qa4+ {[%emt 0:00:51]} Nc6 {[%emt 0:00:08]} 5. e3 {[%emt 0:00:09]} a6 {[%emt 0:02:06]} 6. a3 {[%emt 0:20:33]} Be7 {[%emt 0:13:47]} 7. Ngf3 {[%emt 0:01:31]} Bd7 {[%emt 0:11:33]} 8. Qc2 {[%emt 0:00:21]} Nf6 {[%emt 0:00:44]} 9. Bd3 {[%emt 0:03:53]} dxc4 {[%emt 0:09:39]} 10. Nxc4 {[%emt 0:02:39]} b5 {[%emt 0:00:25]} 11. Nce5 {[%emt 0:03:08]} Nxe5 {[%emt 0:03:29]} 12. dxe5 {[%emt 0:13:09]} Nd5 {[%emt 0:03:35]} 13. Bxh7 {[%emt 0:00:55]} c5 {[%emt 0:02:10]} 14. Bd3 {[%emt 0:01:52]} Rc8 {[%emt 0:16:18]} 15. Be2 {[%emt 0:10:47]} c4 {[%emt 0:04:20]} 16. e4 {[%emt 0:09:08]} Nb6 {[%emt 0:03:24]} 17. O-O {[%emt 0:00:52]} Na4 {[%emt 0:01:05]} 18. Bd2 {[%emt 0:02:40]} Nc5 {[%emt 0:01:15]} 19. Nd4 {[%emt 0:12:17]} Bc6 {[%emt 0:11:45]} 20. Nxc6 {[%emt 0:00:55]} Rxc6 {[%emt 0:00:06]} 21. Be3 {[%emt 0:02:50]} Qb8 {[%emt 0:05:53]} 22. f4 {[%emt 0:03:03]} Kd7 {[%emt 0:03:23]} 23. Rfd1+ {[%emt 0:04:06]} Kc8 {[%emt 0:00:57]} 24. Kh1 {[%emt 0:08:04]} Nb3 {[%emt 0:02:37]} 25. Rab1 {[%emt 0:00:32]} g5 {[%emt 0:00:10]} 26. a4 {[%emt 0:03:37]} gxf4 {[%emt 0:01:04]} 27. Bxf4 {[%emt 0:00:06]} Kc7 {[%emt 0:01:29]} 28. axb5 {[%emt 0:00:28]} axb5 {[%emt 0:01:00]} 29. Rd6 {[%emt 0:00:25]} Bxd6 {[%emt 0:02:55]} 30. exd6+ {[%emt 0:00:02]} Kd7 {[%emt 0:00:13]} 31. Rd1 {[%emt 0:00:23]} Qa7 {[%emt 0:01:27]} 32. Qc3 {[%emt 0:01:02]} Qb8 {[%emt 0:01:21]} 33. Qf6 {[%emt 0:01:04]} Qf8 {[%emt 0:00:11]} 34. e5 {[%emt 0:01:03]} Ra6 {[%emt 0:00:56]} 35. Bg5 {[%emt 0:01:16]} Ra1 {[%emt 0:00:47]} 36. Rxa1 {[%emt 0:00:18]} Nxa1 {[%emt 0:00:05]} 37. Qf2 {[%emt 0:00:11]} Rxh2+ {[%emt 0:00:50]} 38. Kxh2 {[%emt 0:00:26]} Qh8+ {[%emt 0:00:05]} 39. Kg1 {[%emt 0:00:20]} Qxe5 {[%emt 0:00:13]} 40. Qxf7+ {[%emt 0:00:18]} 1-0

[Event "4NCL 2021-22"]
[Site "England"]
[Date "2022.03.26"]
[Round "5.53"]
[White "Cole, James"]
[Black "Kett, Tim"]
[Result "0-1"]
[WhiteElo "2040"]
[BlackElo "2136"]
[Annotator "NA"]
[PlyCount "72"]
[EventDate "2021.11.27"]
[EventType "team-tourn"]
[EventCountry "ENG"]
[SourceTitle "playchess.com"]
[Source "ChessBase"]
[SourceQuality "1"]
[TimeControl "40/6000+30:3000+30"]

1. e4 {[%emt 0:00:04]} e5 {[%emt 0:00:10]} 2. Nf3 {[%emt 0:00:03]} Nc6 {[%emt 0:00:06]} 3. Bb5 {[%emt 0:00:19]} a6 {[%emt 0:01:27]} 4. Ba4 {[%emt 0:00:04]} d6 {[%emt 0:01:25]} 5. Bxc6+ {[%emt 0:02:22]} bxc6 {[%emt 0:02:09]} 6. d4 {[%emt 0:00:14]} f6 {[%emt 0:01:15]} 7. Nc3 {[%emt 0:01:35]} Ne7 {[%emt 0:05:36]} 8. Be3 {[%emt 0:01:35]} Ng6 {[%emt 0:05:05]} 9. Qe2 {[%emt 0:00:41]} a5 {[%emt 0:10:20]} 10. h4 {[%emt 0:03:05]} Ba6 {[%emt 0:04:21]} 11. Qd2 {[%emt 0:01:46]} Qb8 {[%emt 0:08:10]} 12. O-O-O {[%emt 0:06:58]} h5 {[%emt 0:04:39]} 13. dxe5 {[%emt 0:10:44]} fxe5 {[%emt 0:01:14]} 14. Ng5 {[%emt 0:02:34]} Qb4 {[%emt 0:07:32]} 15. a3 {[%emt 0:19:49]} Qb7 {[%emt 0:00:56]} 16. Rde1 {[%emt 0:11:22]} Bc4 {[%emt 0:07:49]} 17. f4 {[%emt 0:07:23]} Rb8 {[%emt 0:04:18]} 18. Nd1 {[%emt 0:00:50]} Be7 {[%emt 0:12:18]} 19. Qc3 {[%emt 0:07:14]} Qb5 {[%emt 0:02:37]} 20. f5 {[%emt 0:02:14]} Nf8 {[%emt 0:00:31]} 21. Bd2 {[%emt 0:02:02]} a4 {[%emt 0:02:09]} 22. Ne3 {[%emt 0:03:42]} Bg8 {[%emt 0:00:21]} 23. Qb4 {[%emt 0:02:41]} Nd7 {[%emt 0:05:10]} 24. Qxb5 {[%emt 0:02:33]} Rxb5 {[%emt 0:00:21]} 25. Rhg1 {[%emt 0:01:47]} d5 {[%emt 0:03:19]} 26. c4 {[%emt 0:01:56]} dxc4 {[%emt 0:00:35]} 27. Kc2 {[%emt 0:01:55]} Nc5 {[%emt 0:01:42]} 28. Nd1 {[%emt 0:00:42]} Nd3 {[%emt 0:01:36]} 29. Re2 {[%emt 0:00:47]} Bc5 {[%emt 0:01:36]} 30. Rf1 {[%emt 0:01:41]} Bd4 {[%emt 0:03:57]} 31. Bc3 {[%emt 0:01:47]} Rh6 {[%emt 0:02:54]} 32. Kb1 {[%emt 0:01:42]} c5 {[%emt 0:00:37]} 33. f6 {[%emt 0:05:33]} Rxf6 {[%emt 0:00:22]} 34. Rxf6 {[%emt 0:00:05]} gxf6 {[%emt 0:00:05]} 35. Nf3 {[%emt 0:00:35]} Bh7 {[%emt 0:01:18]} 36. Kc2 {[%emt 0:03:33]} Nf4 {[%emt 0:03:03]} 0-1

[Event "4NCL 2021-22"]
[Site "England"]
[Date "2022.03.26"]
[Round "5.54"]
[White "Zeidler, Sven P."]
[Black "Wilson, Edgar"]
[Result "1-0"]
[WhiteElo "2172"]
[BlackElo "1872"]
[Annotator "ChessBase"]
[PlyCount "91"]
[EventDate "2021.11.27"]
[EventType "team-tourn"]
[EventCountry "ENG"]
[SourceTitle "playchess.com"]
[Source "ChessBase"]
[SourceQuality "1"]
[TimeControl "40/6000+30:3000+30"]

1. e4 {[%emt 0:00:03]} e6 {[%emt 0:13:21]} 2. d4 {[%emt 0:00:05]} d5 {[%emt 0:00:13]} 3. exd5 {[%emt 0:00:04]} exd5 {[%emt 0:00:08]} 4. Nf3 {[%emt 0:00:05]} Bd6 {[%emt 0:00:28]} 5. c4 {[%emt 0:00:05]} Nf6 {[%emt 0:00:45]} 6. Nc3 {[%emt 0:00:06]} O-O {[%emt 0:00:47]} 7. cxd5 {[%emt 0:00:12]} Nbd7 {[%emt 0:00:53]} 8. Bg5 {[%emt 0:00:19]} Nb6 {[%emt 0:00:36]} 9. Be2 {[%emt 0:02:04]} Be7 {[%emt 0:05:14]} 10. Bxf6 {[%emt 0:00:42]} Bxf6 {[%emt 0:00:10]} 11. Qb3 {[%emt 0:00:07]} a5 {[%emt 0:01:18]} 12. a4 {[%emt 0:02:59]} Qe7 {[%emt 0:00:47]} 13. Rc1 {[%emt 0:00:12]} Bg4 {[%emt 0:09:29]} 14. O-O {[%emt 0:42:10]} Qb4 {[%emt 0:04:28]} 15. Qxb4 {[%emt 0:01:05]} axb4 {[%emt 0:00:08]} 16. Ne4 {[%emt 0:01:26]} Nxd5 {[%emt 0:03:58]} 17. Nxf6+ {[%emt 0:10:48]} gxf6 {[%emt 0:00:57]} 18. Bc4 {[%emt 0:02:14]} Bxf3 {[%emt 0:09:01]} 19. gxf3 {[%emt 0:00:10]} Nf4 {[%emt 0:00:55]} 20. Rfe1 {[%emt 0:03:38]} Rfe8 {[%emt 0:10:15]} 21. Re3 {[%emt 0:11:09]} c6 {[%emt 0:11:57]} 22. Kf1 {[%emt 0:05:31]} Kg7 {[%emt 0:05:49]} 23. b3 {[%emt 0:04:10]} Rad8 {[%emt 0:06:17]} 24. Rce1 {[%emt 0:01:52]} Kf8 {[%emt 0:02:23]} 25. Rxe8+ {[%emt 0:11:07]} Rxe8 {[%emt 0:00:53]} 26. Rxe8+ {[%emt 0:00:11]} Kxe8 {[%emt 0:00:08]} 27. Ke1 {[%emt 0:00:07]} Ke7 {[%emt 0:07:32]} 28. Kd2 {[%emt 0:00:06]} Nd5 {[%emt 0:05:36]} 29. Bd3 {[%emt 0:00:53]} h6 {[%emt 0:00:38]} 30. Bf5 {[%emt 0:00:42]} b6 {[%emt 0:01:10]} 31. Kd3 {[%emt 0:01:17]} Kd6 {[%emt 0:01:08]} 32. Be4 {[%emt 0:01:32]} Nf4+ {[%emt 0:01:05]} 33. Kc4 {[%emt 0:00:40]} Nh3 {[%emt 0:02:29]} 34. Kxb4 {[%emt 0:00:54]} Nxf2 {[%emt 0:00:31]} 35. Kc4 {[%emt 0:00:47]} Nh3 {[%emt 0:01:58]} 36. b4 {[%emt 0:00:21]} Ng5 {[%emt 0:01:16]} 37. h4 {[%emt 0:00:49]} Ne6 {[%emt 0:01:18]} 38. Bxc6 {[%emt 0:02:44]} Nf4 {[%emt 0:01:55]} 39. Kb5 {[%emt 0:02:25]} Kc7 {[%emt 0:01:02]} 40. d5 {[%emt 0:00:48]} Ng6 {[%emt 0:00:49]} 41. d6+ {[%emt 0:52:36]} Kxd6 {[%emt 0:50:30]} 42. Kxb6 {[%emt 0:00:05]} Nxh4 {[%emt 0:00:00]} 43. a5 {[%emt 0:00:00]} Ng6 {[%emt 0:00:00]} 44. a6 {[%emt 0:00:00]} Ne7 {[%emt 0:00:00]} 45. Bb7 {[%emt 0:00:00]} h5 {[%emt 0:00:00]} 46. a7 {[%emt 0:00:00]} 1-0